KOHA-Header-6

Operations and Supply Chain Management (Record no. 1576)

000 -LEADER
fixed length control field 00334nam a2200133Ia 4500
008 - FIXED-LENGTH DATA ELEMENTS--GENERAL INFORMATION
fixed length control field 190723s9999 xx 000 0 und d
020 ## - INTERNATIONAL STANDARD BOOK NUMBER
International Standard Book Number 978-93-392-0410-5
100 ## - MAIN ENTRY--PERSONAL NAME
Personal name Richard B Chase
245 #0 - TITLE STATEMENT
Title Operations and Supply Chain Management
250 ## - EDITION STATEMENT
Edition statement 14th
260 ## - PUBLICATION, DISTRIBUTION, ETC. (IMPRINT)
Place of publication, distribution, etc Chennai
Name of publisher, distributor, etc McGraw Hill
Date of publication, distribution, etc 2017
300 ## - PHYSICAL DESCRIPTION
Extent 934:p
942 ## - ADDED ENTRY ELEMENTS (KOHA)
Koha item type Books
Holdings
Withdrawn status Lost status Damaged status Not for loan Collection code Permanent Location Current Location Shelving location Date acquired Full call number Barcode Date last seen Price effective from Koha item type
        Management MAJU MAJU   2019-07-23 685.5 8199 2019-07-23 2019-07-23 Management

Powered by Koha